[Event "Florianopolis Winter op 6th"]
[Site "Florianopolis"]
[Date "2022.07.17"]
[Round "9"]
[White "Soares, Suyane"]
[Black "Ferreira, Carlos Eduardo"]
[Result "0-1"]
[WhiteElo "1138"]
[BlackElo "1622"]
[PlyCount "74"]
[EventDate "2022.07.13"]
[EventType "swiss"]
[EventRounds "9"]
[EventCountry "BRA"]
[SourceTitle "CBM 209 Extra"]
[Source "ChessBase"]
[SourceDate "2022.09.30"]
[SourceVersion "1"]
[SourceVersionDate "2022.09.30"]
[SourceQuality "1"]

1. d4 d5 2. e3 g6 3. c4 e6 4. Nc3 Nf6 5. Nf3 Bg7 6. Be2 0-0 7. 0-0 Re8 8. Ne5 c6 9. b3 Nbd7 10. f4 Nf8 11. Bb2 N6d7 12. Rb1 f6 13. Nf3 Nb6 14. c5 Nbd7 15. Re1 e5 16. fxe5 fxe5 17. b4 e4 18. Nd2 Qg5 19. Nf1 Nf6 20. Bc1 Ng4 21. a3 Qh4 22. Bxg4 Bxg4 23. Ne2 Nd7 24. Nfg3 Nf6 25. Qc2 Rf8 26. Bd2 Bxe2 27. Nxe2 Ng4 28. h3 Qf2+ 29. Kh1 Nxe3 30. Bxe3 Qxe3 31. Rb3 Qf2 32. Qd1 Rf7 33. Rb1 Raf8 34. a4 Rf5 35. Kh2 Rf3 36. Ng1 Rg3 37. Re2 Rxg2+ 0-1

[Event "Florianopolis Winter op 6th"]
[Site "Florianopolis"]
[Date "2022.07.16"]
[Round "8"]
[White "Pasqualotto, Amos Petronio"]
[Black "Soares, Suyane"]
[Result "0-1"]
[WhiteElo "1387"]
[BlackElo "1138"]
[PlyCount "82"]
[EventDate "2022.07.13"]
[EventType "swiss"]
[EventRounds "9"]
[EventCountry "BRA"]
[SourceTitle "CBM 209 Extra"]
[Source "ChessBase"]
[SourceDate "2022.09.30"]
[SourceVersion "1"]
[SourceVersionDate "2022.09.30"]
[SourceQuality "1"]

1. d4 d5 2. c4 e6 3. Nf3 Bd6 4. Nc3 c6 5. Bg5 Ne7 6. e3 Nd7 7. Bd3 0-0 8. Qc2 h6 9. Bh4 a6 10. 0-0 b5 11. cxd5 cxd5 12. Ne2 Bb7 13. Rac1 Rc8 14. Qd2 f6 15. Rxc8 Qxc8 16. Rc1 Qe8 17. Bg3 e5 18. dxe5 fxe5 19. Bb1 Bb8 20. a3 Qh5 21. h3 Nf5 22. Bxf5 Qxf5 23. Qc2 Qh5 24. Nh2 Nf6 25. Qd1 Ne4 26. Nc3 Nxg3 27. fxg3 Qf7 28. Qf1 Qg6 29. Qe1 Ba7 30. Kh1 d4 31. exd4 Bxd4 32. Ng4 Qg5 33. b4 h5 34. Nh2 Bf2 35. Qd1 Rd8 36. Qf1 Qxg3 37. Rc2 Bb6 38. Ne2 Qg6 39. Rc1 Ra8 40. Nf3 Qd3 41. Rc3 Qd6 0-1

[Event "Florianopolis Winter op 6th"]
[Site "Florianopolis"]
[Date "2022.07.14"]
[Round "4"]
[White "Elesbao, Bernardo Dartora"]
[Black "Soares, Suyane"]
[Result "1-0"]
[WhiteElo "1551"]
[BlackElo "1138"]
[PlyCount "73"]
[EventDate "2022.07.13"]
[EventType "swiss"]
[EventRounds "9"]
[EventCountry "BRA"]
[SourceTitle "CBM 209 Extra"]
[Source "ChessBase"]
[SourceDate "2022.09.30"]
[SourceVersion "1"]
[SourceVersionDate "2022.09.30"]
[SourceQuality "1"]

1. e4 c5 2. Nf3 e6 3. d4 cxd4 4. Nxd4 Nf6 5. Nc3 d6 6. h3 a6 7. g4 e5 8. Nde2 b5 9. Nd5 Bb7 10. Bg2 h6 11. Be3 Nbd7 12. 0-0 Be7 13. Ng3 g6 14. Qd2 h5 15. g5 Nh7 16. h4 f6 17. gxf6 Nhxf6 18. Rad1 Nxd5 19. exd5 Bxh4 20. Ne4 Be7 21. Ng5 Qc8 22. Bh3 0-0 23. Qd3 Rf6 24. Be6+ Kg7 25. Qd2 Qd8 26. Ne4 Rf3 27. Bh6+ Kh8 28. Kg2 Rf6 29. Nxf6 Nxf6 30. f3 Bc8 31. Bg5 Bxe6 32. Bxf6+ Bxf6 33. Qh6+ Kg8 34. Qxg6+ Kf8 35. dxe6 Qe7 36. Rxd6 Qxd6 37. Qf7# 1-0

[Event "Florianopolis Winter op 6th"]
[Site "Florianopolis"]
[Date "2022.07.14"]
[Round "3"]
[White "Soares, Suyane"]
[Black "Cordioli, Jairo Ribeiro"]
[Result "0-1"]
[WhiteElo "1138"]
[BlackElo "1794"]
[PlyCount "70"]
[EventDate "2022.07.13"]
[EventType "swiss"]
[EventRounds "9"]
[EventCountry "BRA"]
[SourceTitle "CBM 209 Extra"]
[Source "ChessBase"]
[SourceDate "2022.09.30"]
[SourceVersion "1"]
[SourceVersionDate "2022.09.30"]
[SourceQuality "1"]

1. d4 d5 2. c4 e6 3. Nc3 Nf6 4. e3 Bb4 5. Bd2 0-0 6. Nf3 c5 7. a3 Bxc3 8. Bxc3 cxd4 9. Bxd4 Nc6 10. Bc3 Ne4 11. Qc2 Nxc3 12. Qxc3 Qe7 13. Be2 dxc4 14. Bxc4 e5 15. 0-0 Bg4 16. Nd2 Rac8 17. Rac1 Kh8 18. h3 Bh5 19. Ne4 f5 20. Ng3 Bg6 21. Rfe1 e4 22. b4 Ne5 23. Qb3 f4 24. exf4 Rxf4 25. Re3 b5 26. Bf1 Rxc1 27. Ne2 Rxf1+ 28. Kxf1 Rf8 29. Nc3 Nc4 30. Re2 Qg5 31. Qa2 Qc1+ 32. Nd1 Qxd1+ 33. Re1 Nd2+ 34. Kg1 Qxe1+ 35. Kh2 Qxf2 0-1

[Event "Rio Negrinho Froebel Cup"]
[Site "Rio Negrinho"]
[Date "2022.04.09"]
[Round "3"]
[White "Soares, Suyane"]
[Black "Carvalho, Kayle Fabricio Amor"]
[Result "0-1"]
[WhiteElo "1119"]
[BlackElo "1387"]
[PlyCount "152"]
[EventDate "2022.04.08"]
[EventType "swiss"]
[EventRounds "6"]
[EventCountry "BRA"]
[SourceTitle "EXT 2023"]
[Source "ChessBase"]
[SourceDate "2022.10.05"]
[SourceVersion "1"]
[SourceVersionDate "2022.10.05"]
[SourceQuality "1"]

1. d4 Nf6 2. c4 g6 3. Nc3 d5 4. cxd5 Nxd5 5. e4 Nxc3 6. bxc3 Bg7 7. Be3 c5 8. Bc4 Nc6 9. Ne2 0-0 10. Qd2 Qa5 11. Rd1 Rd8 12. 0-0 Ne5 13. Bb3 c4 14. Bc2 Ng4 15. Bg5 f6 16. Bh4 e5 17. d5 g5 18. Bg3 Qc5 19. h3 Nh6 20. Kh1 b5 21. f3 a5 22. Bf2 Qd6 23. Rb1 Rb8 24. Ng3 Bd7 25. Nh5 Rb7 26. Rb2 Rdb8 27. Rfb1 Bf8 28. Be3 b4 29. h4 Be8 30. hxg5 fxg5 31. Ng3 g4 32. f4 bxc3 33. Qxc3 Rxb2 34. Rxb2 Rxb2 35. Qxb2 exf4 36. e5 Qxd5 37. Bxf4 Nf7 38. Nh5 Be7 39. Bxh7+ Kxh7 40. Qb1+ Qd3 41. Qb7 Qd7 42. Qe4+ Kh8 43. Qg6 Bf8 44. Nf6 Nh6 45. Nxd7 Bxg6 46. Nxf8 Kg7 47. Ne6+ Kf7 48. Nc7 Nf5 49. Kg1 Nd4 50. Bd2 a4 51. Kf1 Ne6 52. Nxe6 Kxe6 53. Bc3 a3 54. Bb4 Bb1 55. Bxa3 Kxe5 56. Bb2+ Ke4 57. Ke1 Bxa2 58. Ke2 Kf4 59. Kf2 g3+ 60. Ke2 Bb1 61. Ke1 Ke3 62. Bc1+ Ke4 63. Bd2 Bd3 64. Kd1 Bf1 65. Be1 Kf4 66. Bd2+ Kg4 67. Be1 Bxg2 68. Bxg3 Kxg3 69. Kd2 Bd5 70. Kc3 Kf3 71. Kd2 Kf2 72. Kc2 Ke2 73. Kc3 Kd1 74. Kd4 Bg8 75. Kc3 Kc1 76. Kb4 Kb2 0-1

[Event "Rio Negrinho Froebel Cup"]
[Site "Rio Negrinho"]
[Date "2022.04.08"]
[Round "1"]
[White "Soares, Suyane"]
[Black "Orlandi Neto, Aristides"]
[Result "0-1"]
[WhiteElo "1119"]
[BlackElo "1685"]
[PlyCount "74"]
[EventDate "2022.04.08"]
[EventType "swiss"]
[EventRounds "6"]
[EventCountry "BRA"]
[SourceTitle "EXT 2023"]
[Source "ChessBase"]
[SourceDate "2022.10.05"]
[SourceVersion "1"]
[SourceVersionDate "2022.10.05"]
[SourceQuality "1"]

1. d4 d5 2. e3 Nf6 3. Bd3 e6 4. f4 c5 5. c3 c4 6. Bc2 Be7 7. Nd2 Bd7 8. Ngf3 b5 9. 0-0 Nc6 10. Ne5 b4 11. Ndf3 0-0 12. g4 Nxe5 13. Nxe5 Bb5 14. Qf3 Nd7 15. Qh3 g6 16. f5 Nxe5 17. dxe5 b3 18. f6 Bxf6 19. exf6 Kh8 20. Bb1 e5 21. Qh4 d4 22. Be4 Rb8 23. exd4 exd4 24. Rf3 dxc3 25. Rh3 Qd1+ 26. Kf2 h5 27. Qg5 Kg8 28. Qh6 Qd4+ 29. Kg2 Qxe4+ 30. Rf3 Qxg4+ 31. Kf2 Qh4+ 32. Kf1 Qxf6 33. Rxf6 cxb2 34. Bxb2 c3+ 35. Kg1 cxb2 36. Rd1 bxa2 37. Rxf7 Rxf7 0-1

[Event "Santa Catarina State-ch (Women) 35th"]
[Site "Rio Negrinho"]
[Date "2021.10.23"]
[Round "4"]
[White "Campagnolo, Bruna"]
[Black "Soares, Suyane"]
[Result "1-0"]
[WhiteElo "1357"]
[BlackElo "1139"]
[PlyCount "61"]
[EventDate "2021.10.21"]
[EventType "swiss"]
[EventRounds "7"]
[EventCountry "BRA"]
[SourceTitle "EXT 2023"]
[Source "ChessBase"]
[SourceDate "2022.10.05"]
[SourceVersion "1"]
[SourceVersionDate "2022.10.05"]
[SourceQuality "1"]

1. e4 c5 2. Nf3 e6 3. d4 cxd4 4. Nxd4 Nf6 5. Nc3 Nc6 6. Nxc6 bxc6 7. e5 Ng8 8. Bd3 g6 9. h4 h6 10. h5 g5 11. f4 Be7 12. Qf3 Qc7 13. 0-0 Bb7 14. fxg5 hxg5 15. Qxf7+ Kd8 16. Bg6 Nh6 17. Qg7 Rg8 18. Qxh6 Qxe5 19. Ne4 Rh8 20. Bh7 Qxe4 21. Bxe4 Rxh6 22. Bg6 Kc7 23. Be3 c5 24. Rf7 Bd6 25. Bxg5 Rhh8 26. Rd1 Raf8 27. Rxf8 Rxf8 28. h6 Be5 29. h7 Bxb2 30. Be7 Rf4 31. Bd6+ 1-0

[Event "Santa Catarina State-ch (Women) 35th"]
[Site "Rio Negrinho"]
[Date "2021.10.21"]
[Round "1"]
[White "Liebl, Livia"]
[Black "Soares, Suyane"]
[Result "1-0"]
[WhiteElo "1511"]
[BlackElo "1139"]
[PlyCount "81"]
[EventDate "2021.10.21"]
[EventType "swiss"]
[EventRounds "7"]
[EventCountry "BRA"]
[SourceTitle "EXT 2023"]
[Source "ChessBase"]
[SourceDate "2022.10.05"]
[SourceVersion "1"]
[SourceVersionDate "2022.10.05"]
[SourceQuality "1"]

1. d4 d5 2. e3 c5 3. f4 Nc6 4. Nf3 Bf5 5. Bd3 Qd7 6. c3 cxd4 7. exd4 Bxd3 8. Qxd3 e6 9. 0-0 f5 10. Ne5 Qd8 11. Qe2 Nxe5 12. fxe5 Qc7 13. Nd2 Ne7 14. Nf3 Ng6 15. Bg5 Be7 16. Bxe7 Qxe7 17. Qb5+ Kd8 18. Rac1 Nf4 19. Rc2 g5 20. Ne1 h5 21. Nd3 Nxd3 22. Qxd3 g4 23. c4 dxc4 24. Rxc4 h4 25. d5 exd5 26. Qxd5+ Ke8 27. Rxf5 Rd8 28. Qb5+ Qd7 29. Qxd7+ Rxd7 30. Rc8+ Rd8 31. Rxd8+ Kxd8 32. Rg5 g3 33. hxg3 hxg3 34. Rxg3 Re8 35. Rg5 Kd7 36. Kf2 Kc6 37. Kf3 Kd5 38. Kf4 Rf8+ 39. Rf5 Re8 40. g4 Rg8 41. Rf6 1-0

[Event "BRA-ch U16 Girls"]
[Site "Florianopolis"]
[Date "2021.07.04"]
[Round "6"]
[White "Feller, Isadora Cristina Vi"]
[Black "Soares, Suyane"]
[Result "1-0"]
[WhiteElo "1246"]
[BlackElo "1180"]
[PlyCount "73"]
[EventDate "2021.07.01"]
[EventType "swiss"]
[EventRounds "6"]
[EventCountry "BRA"]
[SourceTitle "CBM 203 Extra"]
[Source "ChessBase"]
[SourceDate "2021.09.30"]
[SourceVersion "1"]
[SourceVersionDate "2021.09.30"]
[SourceQuality "1"]

1. e4 c5 2. Nc3 a6 3. Nf3 Nc6 4. a4 d6 5. Bc4 Bg4 6. d3 Nf6 7. Be3 e5 8. Nd5 Be7 9. h3 Be6 10. Qd2 h6 11. c3 Rb8 12. b4 cxb4 13. cxb4 0-0 14. Rc1 Bd7 15. Bb6 Qe8 16. Nc7 Qc8 17. b5 axb5 18. axb5 Nd8 19. Nd5 Nxd5 20. Bxd5 Nc6 21. bxc6 bxc6 22. Ba5 Qb7 23. Ba2 d5 24. Nxe5 Bd6 25. Nxd7 Qxd7 26. 0-0 dxe4 27. dxe4 Bh2+ 28. Kxh2 Qxd2 29. Bxd2 Rb2 30. Bb1 Rxd2 31. Rxc6 Re2 32. f3 Rb8 33. Rfc1 g6 34. Rc8+ Rxc8 35. Rxc8+ Kg7 36. Bd3 h5 37. Bxe2 1-0

[Event "BRA-ch U16 Girls"]
[Site "Florianopolis"]
[Date "2021.07.03"]
[Round "5"]
[White "Soares, Suyane"]
[Black "Bittencourt, Alica E Decezare"]
[Result "1-0"]
[WhiteElo "1180"]
[BlackElo "1281"]
[PlyCount "139"]
[EventDate "2021.07.01"]
[EventType "swiss"]
[EventRounds "6"]
[EventCountry "BRA"]
[SourceTitle "CBM 203 Extra"]
[Source "ChessBase"]
[SourceDate "2021.09.30"]
[SourceVersion "1"]
[SourceVersionDate "2021.09.30"]
[SourceQuality "1"]

1. d4 Nf6 2. c4 d5 3. Nc3 e6 4. Bg5 Be7 5. Nf3 c5 6. e3 Nc6 7. Be2 b6 8. 0-0 0-0 9. Rc1 Bb7 10. dxc5 bxc5 11. Bxf6 Bxf6 12. cxd5 exd5 13. Qxd5 Qb6 14. Na4 Qb4 15. Qc4 Qxc4 16. Rxc4 Ba6 17. Rc2 Nb4 18. Rd2 Bxe2 19. Rxe2 Rfc8 20. a3 Na6 21. b3 h6 22. Nd2 Nb8 23. Rc1 Nd7 24. Ne4 Be7 25. Rd2 Rc7 26. g3 Rb8 27. Nac3 Ne5 28. Kg2 Rcc8 29. Rb1 Nc6 30. Nd5 Bd6 31. Ndf6+ gxf6 32. Rxd6 Ne5 33. Rxf6 Kg7 34. Rf5 Nd3 35. Rd5 c4 36. b4 Rc6 37. Nc3 Rbc8 38. b5 Rf6 39. f4 Rc7 40. a4 Re6 41. Kf3 Kh7 42. a5 a6 43. b6 Rb7 44. Ne4 Rc6 45. Nc3 Nc5 46. Rd4 Nb3 47. Rd5 Kg7 48. Ne4 Kf8 49. Nc3 Ke7 50. f5 Kf6 51. Ne4+ Kg7 52. Nc3 Re7 53. b7 Rxb7 54. Kf4 f6 55. g4 Nc5 56. Rxc5 Rxc5 57. Rxb7+ Kf8 58. Rb6 Kg7 59. Rxa6 Rc7 60. Ke4 Kf7 61. Kd5 Ke7 62. Kd4 Kf7 63. e4 Kg7 64. Nd5 Rf7 65. Kxc4 Rf8 66. Ra7+ Kg8 67. Nb6 Rb8 68. Kc5 Kf8 69. Nd7+ Kg8 70. Nxb8 1-0

[Event "BRA-ch U16 Girls"]
[Site "Florianopolis"]
[Date "2021.07.01"]
[Round "1"]
[White "Deobrochinski, Valentina Hinke"]
[Black "Soares, Suyane"]
[Result "1-0"]
[WhiteElo "1327"]
[BlackElo "1180"]
[PlyCount "77"]
[EventDate "2021.07.01"]
[EventType "swiss"]
[EventRounds "6"]
[EventCountry "BRA"]
[SourceTitle "CBM 203 Extra"]
[Source "ChessBase"]
[SourceDate "2021.09.30"]
[SourceVersion "1"]
[SourceVersionDate "2021.09.30"]
[SourceQuality "1"]

1. d4 d5 2. e3 Nf6 3. Bd3 g6 4. c4 e6 5. Nc3 b6 6. Nf3 Bb7 7. Bd2 Nbd7 8. Rg1 c5 9. Ne5 cxd4 10. exd4 Bg7 11. Nb5 0-0 12. Bb4 Re8 13. Nd6 Bf8 14. Nexf7 Qc7 15. Qd2 Bxd6 16. Nxd6 Red8 17. Qe2 Nf8 18. Nxb7 Qxb7 19. Bxf8 Kxf8 20. 0-0-0 dxc4 21. Bxc4 Rac8 22. Kb1 Re8 23. Ba6 Qd5 24. Bxc8 Rxc8 25. Qe5 Qd8 26. Qxe6 a5 27. Rge1 Nd5 28. g3 b5 29. Rc1 Nc7 30. Qe4 b4 31. Qf3+ Kg7 32. Qe4 Kf8 33. Qe5 Kg8 34. d5 Nb5 35. Qe6+ Kg7 36. Rxc8 Qg5 37. d6 a4 38. d7 a3 39. d8Q 1-0

[Event "Timbo op"]
[Site "Timbo"]
[Date "2021.06.12"]
[Round "3"]
[White "Neitzel, Jonatan"]
[Black "Soares, Suyane"]
[Result "1-0"]
[WhiteElo "1586"]
[BlackElo "1194"]
[PlyCount "45"]
[EventDate "2021.06.11"]
[EventType "swiss"]
[EventRounds "6"]
[EventCountry "BRA"]
[SourceTitle "EXT 2022"]
[Source "ChessBase"]
[SourceDate "2021.10.06"]
[SourceVersion "1"]
[SourceVersionDate "2021.10.06"]
[SourceQuality "1"]

1. e4 c5 2. Nc3 e6 3. f4 Nc6 4. Nf3 Nf6 5. Bb5 Nd4 6. Bd3 b6 7. 0-0 Bb7 8. Qe1 Be7 9. a3 Qc7 10. Nxd4 cxd4 11. Nb5 Qc6 12. Kh1 0-0 13. Nxd4 Qc5 14. c3 Qh5 15. Be2 Qc5 16. d3 d6 17. Be3 Qc7 18. Qg3 e5 19. fxe5 dxe5 20. Nf5 g6 21. Nxe7+ Qxe7 22. Bg5 Kg7 23. Bxf6+ 1-0

[Event "Santa Catarina-ch (Women)"]
[Site "Lages"]
[Date "2020.02.14"]
[Round "1"]
[White "Gomes, Sofia Leticia Pinz"]
[Black "Soares, Suyane"]
[Result "1/2-1/2"]
[WhiteElo "1473"]
[BlackElo "1183"]
[PlyCount "128"]
[EventDate "2020.02.14"]
[EventType "swiss"]
[EventRounds "6"]
[EventCountry "BRA"]
[SourceTitle "CBM 195 Extra"]
[Source "ChessBase"]
[SourceDate "2020.05.31"]
[SourceVersion "1"]
[SourceVersionDate "2020.05.31"]
[SourceQuality "1"]

1. e4 c5 2. Nc3 e6 3. g3 d5 4. Bg2 d4 5. Nce2 e5 6. d3 Nc6 7. f4 f6 8. Nf3 h6 9. 0-0 exf4 10. Nxf4 Nge7 11. Qe2 g5 12. Nh5 Ng6 13. Nd2 Be7 14. Ng7+ Kf7 15. Nf5 Nce5 16. Nxe7 Qxe7 17. Nf3 Be6 18. Nxe5+ Nxe5 19. Bd2 Kg7 20. a3 Qd7 21. Qf2 Raf8 22. Rac1 h5 23. c3 Nxd3 24. Qe2 Nxc1 25. Bxc1 h4 26. Qf2 Qd6 27. gxh4 Rxh4 28. Qg3 Qxg3 29. hxg3 Rhh8 30. cxd4 cxd4 31. b4 b5 32. Bb2 d3 33. e5 f5 34. Bc6 Kg6 35. Bxb5 d2 36. Bc3 Rd8 37. Rd1 Bb3 38. Rxd2 Rxd2 39. Bxd2 Be6 40. Be3 Rf8 41. Bxa7 Ra8 42. Bc5 Rxa3 43. Kf2 f4 44. gxf4 gxf4 45. Be8+ Kf5 46. b5 Ra8 47. Bc6 Rc8 48. b6 Rb8 49. b7 Bc8 50. bxc8Q+ Rxc8 51. Bd7+ Kxe5 52. Bxc8 Ke4 53. Bb7+ Kf5 54. Kf3 Ke5 55. Be4 Ke6 56. Kxf4 Kf6 57. Bd5 Kg6 58. Be7 Kh5 59. Bf7+ Kh6 60. Bf8+ Kh7 61. Kf5 Kh8 62. Kf6 Kh7 63. Bg6+ Kg8 64. Bh6 Kh8 1/2-1/2

[Event "Sao Bento do Sul op"]
[Site "Sao Bento do Sul"]
[Date "2019.08.24"]
[Round "3"]
[White "Darcanal, Emanuele1111"]
[Black "Soares, Suyane"]
[Result "0-1"]
[WhiteElo "1071"]
[BlackElo "1185"]
[PlyCount "60"]
[EventDate "2019.08.23"]
[EventType "swiss"]
[EventRounds "7"]
[EventCountry "BRA"]
[SourceTitle "EXT 2020"]
[Source "ChessBase"]
[SourceDate "2019.10.17"]
[SourceVersion "1"]
[SourceVersionDate "2019.10.17"]
[SourceQuality "1"]

1. d4 d5 2. Bf4 Bf5 3. Nf3 e6 4. e3 Bd6 5. Bxd6 Qxd6 6. Nbd2 c5 7. c4 Nc6 8. Nb3 cxd4 9. exd4 Nb4 10. Rc1 Nxa2 11. Ra1 Nb4 12. Rc1 Nf6 13. Ne5 0-0 14. Nd3 dxc4 15. Nxb4 cxb3 16. Qxb3 Qxd4 17. Bd3 Qe5+ 18. Kf1 Rac8 19. Re1 Qf4 20. g3 Qf3 21. Kg1 Bh3 22. Bf1 Qxb3 23. Bxh3 Qxb4 24. Rd1 Qxb2 25. Kg2 Ne4 26. Rhf1 Rc2 27. Kg1 Nxf2 28. Rxf2 Rxf2 29. Rf1 Rxh2 30. Bg4 Qg2# 0-1

[Event "Sao Bento do Sul op"]
[Site "Sao Bento do Sul"]
[Date "2019.08.23"]
[Round "1"]
[White "Ferreira, Rodrigo Maycon Mira"]
[Black "Soares, Suyane"]
[Result "1-0"]
[WhiteElo "1811"]
[BlackElo "1185"]
[PlyCount "37"]
[EventDate "2019.08.23"]
[EventType "swiss"]
[EventRounds "7"]
[EventCountry "BRA"]
[SourceTitle "EXT 2020"]
[Source "ChessBase"]
[SourceDate "2019.10.17"]
[SourceVersion "1"]
[SourceVersionDate "2019.10.17"]
[SourceQuality "1"]

1. d4 d5 2. c4 c6 3. Nc3 Nf6 4. Nf3 Bf5 5. Qb3 Qc7 6. cxd5 cxd5 7. Bf4 Qxf4 8. Qxb7 Ne4 9. Nxd5 Qd6 10. Nc7+ Kd8 11. Nxa8 Nc6 12. a3 Nxd4 13. Nxd4 Qxd4 14. Rd1 Qxd1+ 15. Kxd1 Nxf2+ 16. Ke1 Nxh1 17. e4 Bd7 18. Qc7+ Ke8 19. Qb8+ 1-0

[Event "Sao Bento do Sul op"]
[Site "Sao Bento do Sul"]
[Date "2019.08.23"]
[Round "2"]
[White "Soares, Suyane"]
[Black "Rodrigues Mota, Sophia Lorena"]
[Result "0-1"]
[WhiteElo "1185"]
[BlackElo "1448"]
[PlyCount "36"]
[EventDate "2019.08.23"]
[EventType "swiss"]
[EventRounds "7"]
[EventCountry "BRA"]
[SourceTitle "EXT 2020"]
[Source "ChessBase"]
[SourceDate "2019.10.17"]
[SourceVersion "1"]
[SourceVersionDate "2019.10.17"]
[SourceQuality "1"]

1. d4 Nf6 2. c4 g6 3. Nc3 Bg7 4. e4 d6 5. f3 0-0 6. Be3 Nbd7 7. Qd2 e5 8. d5 Qe7 9. g4 c6 10. h4 Nb6 11. h5 cxd5 12. cxd5 Qc7 13. Nh3 Bd7 14. Qh2 Bxg4 15. fxg4 Nxg4 16. Qe2 Nxe3 17. Qxe3 Nc4 18. Bxc4 Qxc4 0-1

[Event "Sao Bento do Sul op 05"]
[Site "Sao Bento do Sul"]
[Date "2019.05.18"]
[Round "4"]
[White "Campagnolo, Bruna1111"]
[Black "Soares, Suyane"]
[Result "1-0"]
[WhiteElo "1276"]
[BlackElo "1151"]
[PlyCount "111"]
[EventDate "2019.05.17"]
[EventType "swiss"]
[EventRounds "7"]
[EventCountry "BRA"]
[SourceTitle "CBM 195 Extra"]
[Source "ChessBase"]
[SourceDate "2020.05.31"]
[SourceVersion "1"]
[SourceVersionDate "2020.05.31"]
[SourceQuality "1"]

1. e4 c5 2. Nf3 a6 3. c4 Nc6 4. d4 cxd4 5. Nxd4 Nxd4 6. Qxd4 e6 7. Nc3 Bb4 8. Bd2 Nf6 9. e5 Bxc3 10. Bxc3 Ng8 11. Bd3 Ne7 12. Qg4 0-0 13. 0-0 d5 14. exd6 Ng6 15. Qd4 e5 16. Qe4 Qxd6 17. c5 Qe7 18. Bb4 Qh4 19. Qxh4 Nxh4 20. Rfe1 Re8 21. Bc3 Ng6 22. Bxg6 fxg6 23. Rxe5 Rxe5 24. Bxe5 Bf5 25. Rd1 Re8 26. Bc3 Be6 27. a3 Bd7 28. Re1 Rc8 29. Re7 Bc6 30. Rxg7+ Kf8 31. Rxh7 Rd8 32. Rh8+ Ke7 33. Rxd8 Kxd8 34. f3 Kd7 35. Kf2 Ke6 36. Ke3 Kd5 37. Bb4 a5 38. Bxa5 Kxc5 39. Kf4 b6 40. Bb4+ Kd5 41. Kg5 Be8 42. f4 Ke6 43. g4 b5 44. f5+ gxf5 45. gxf5+ Kf7 46. h4 Kg7 47. f6+ Kg8 48. h5 Kh7 49. Bd2 Bf7 50. h6 Be8 51. b3 Bf7 52. a4 bxa4 53. bxa4 Be8 54. a5 Bf7 55. a6 Be8 56. a7 1-0

[Event "Sao Bento do Sul op 05"]
[Site "Sao Bento do Sul"]
[Date "2019.05.17"]
[Round "1"]
[White "Soares, Suyane"]
[Black "Melo, Sergio Roberto Samp"]
[Result "0-1"]
[WhiteElo "1151"]
[BlackElo "1758"]
[PlyCount "126"]
[EventDate "2019.05.17"]
[EventType "swiss"]
[EventRounds "7"]
[EventCountry "BRA"]
[SourceTitle "CBM 195 Extra"]
[Source "ChessBase"]
[SourceDate "2020.05.31"]
[SourceVersion "1"]
[SourceVersionDate "2020.05.31"]
[SourceQuality "1"]

1. d4 Nf6 2. c4 e5 3. dxe5 Ng4 4. Nf3 Nc6 5. Nc3 Bc5 6. e3 Ngxe5 7. Be2 d6 8. a3 a5 9. 0-0 0-0 10. Bd2 Be6 11. b3 f6 12. Nxe5 fxe5 13. Bg4 Bf7 14. e4 Nd4 15. Re1 Qf6 16. Nd5 Bxd5 17. exd5 Qxf2+ 18. Kh1 Qh4 19. Re4 Qe7 20. Bc3 Nf5 21. b4 Ne3 22. Qe2 Nxg4 23. Rxg4 axb4 24. axb4 Rxa1+ 25. Bxa1 Qf7 26. Qf3 Qxf3 27. gxf3 Bxb4 28. Kg2 Ra8 29. c5 Rxa1 30. Rxb4 Ra5 31. cxd6 cxd6 32. Rxb7 Rxd5 33. Rb8+ Kf7 34. Rb7+ Kf6 35. Kg3 Rd4 36. Rb6 g5 37. Kf2 h5 38. Ke3 Ke6 39. Rb7 Rh4 40. Rg7 Rxh2 41. Rxg5 Kf6 42. Rg8 h4 43. Rf8+ Ke7 44. Rh8 d5 45. Rh7+ Kd6 46. Rh6+ Ke7 47. Rh5 Kf6 48. Rh8 h3 49. Rf8+ Ke7 50. Rh8 d4+ 51. Kd3 Kf7 52. Rh7+ Kf6 53. Rh6+ Kg5 54. Re6 Kf5 55. Rh6 Rh1 56. Ke2 h2 57. Rh5+ Kf6 58. Rh6+ Kg5 59. Rh8 Ra1 60. Rg8+ Kf6 61. Rf8+ Ke7 62. Rh8 h1Q 63. Rxh1 Rxh1 0-1

[Event "Sao Bento do Sul op 08"]
[Site "Sao Bento do Sul"]
[Date "2018.08.24"]
[Round "1"]
[White "Soares, Suyane"]
[Black "Salvadego, Matheus Henrique De"]
[Result "0-1"]
[WhiteElo "1173"]
[BlackElo "1817"]
[PlyCount "54"]
[EventDate "2018.08.24"]
[EventType "swiss"]
[EventRounds "6"]
[EventCountry "BRA"]
[SourceTitle "EXT 2021"]
[Source "ChessBase"]
[SourceDate "2020.10.23"]
[SourceVersion "1"]
[SourceVersionDate "2020.10.23"]
[SourceQuality "1"]

1. d4 Nf6 2. c4 e6 3. Nc3 d5 4. e3 Be7 5. Be2 0-0 6. Nf3 c5 7. 0-0 b6 8. b3 Bb7 9. Bb2 Nc6 10. Re1 Ne4 11. Bd3 Nxc3 12. Bxc3 dxc4 13. Bxc4 Qc7 14. e4 cxd4 15. Nxd4 Rad8 16. Qg4 Nxd4 17. Bxd4 Rxd4 18. Rad1 Rxd1 19. Rxd1 Qc6 20. Re1 b5 21. Bd3 Rd8 22. Bc2 Qxc2 23. h3 Bb4 24. Re2 Qd1+ 25. Kh2 Rd2 26. Rxd2 Qxd2 27. f4 Bxe4 0-1